365 Stories of Indian Mythology (Record no. 211768)

MARC details
000 -LEADER
fixed length control field 00514nam a22001697a 4500
005 - DATE AND TIME OF LATEST TRANSACTION
control field 20250612150742.0
010 ## - LCCN (DPL NO)
LC control number ENG-145302
020 ## - INTERNATIONAL STANDARD BOOK NUMBER
International Standard Book Number 9788182527072
Terms of availability 665.00
035 ## - SYSTEM CONTROL NUMBER
System control number EN-128834
037 ## - SOURCE OF ACQUISITION
Source of stock number/acquisition DBAD
Stock number dpl
082 ## - DEWEY DECIMAL CLASSIFICATION NUMBER
Classification number 230.1
Edition number 1
245 ## - TITLE STATEMENT
Title 365 Stories of Indian Mythology
260 ## - PUBLICATION, DISTRIBUTION, ETC. (IMPRINT)
Place of publication, distribution, etc Mumbai
Name of publisher, distributor, etc Wilco Publishing House
Date of publication, distribution, etc 2013
270 ## - ADDRESS
City Mumbai
Telephone number (91-22) 22041420 / 22842574
Fax number (91-22) 22041429
Electronic mail address wilco@vsnl.com
300 ## - PHYSICAL DESCRIPTION
Extent 192p.
Other physical details col.ill.
Dimensions 28cm(pb)
942 ## - ADDED ENTRY ELEMENTS (KOHA)
Source of classification or shelving scheme Dewey Decimal Classification
Item type English Books
Classification part 230.1
Call number suffix STO
Holdings
Withdrawn status Lost status Not for loan Collection code Home library Current library Date acquired Source of acquisition Cost, normal purchase price Full call number Barcode Copy number Koha item type
      Non-fiction Patel Nagar Patel Nagar 12/06/2025 Delivery of Books Act Division 665.00 230.1 STO EN-128834 1665.00 English Books

© Delhi Public Library
Hit Counter
free hit counter